00351nam a2200145 a 45000010005000000030009000050080041000140400028000550820016000831000025000992450021001242600032001453000009001776500019001861872CO-ViMGA141112s2004 ck r 000 u spa d aCO-ViMGAbspacCO-ViMGA04a833.5 H652f1 aHolderlin, Friedrich10aFiesta de la paz aBogotá : bAncora, c1995 a85 p14aPOESIA ALEMANA